Cẩm nang cấu trúc tiếng Anh
Cuốn sách là tập hợp những cấu trúc câu rất cần thiết cho những ai muốn nâng cấp vốn Anh ngữ của mình. Sách được chia làm 2 phần chính: Structural sentences và Tenses and aspects.
Gespeichert in:
| 1. Verfasser: | |
|---|---|
| Format: | Buch |
| Sprache: | Vietnamese |
| Veröffentlicht: |
H.
Văn hóa - Thông tin
2013
|
| Schlagworte: | |
| Tags: |
Tag hinzufügen
Keine Tags, Fügen Sie den ersten Tag hinzu!
|
| Thư viện lưu trữ: | Thư viện Trường Đại học Nam Cần Thơ |
|---|
| LEADER | 00971nam a22001937a 4500 | ||
|---|---|---|---|
| 001 | NCT_84710 | ||
| 008 | 200814b xxu||||| |||| 00| 0 vie d | ||
| 999 | |c 4182 |d 4182 | ||
| 020 | |a 893523640091 |c 45000 | ||
| 082 | 0 | 4 | |2 23rd ed. |a 425 |b T561 |
| 100 | 1 | |a Trần Mạnh Tường | |
| 245 | 1 | 0 | |a Cẩm nang cấu trúc tiếng Anh |c Trần Mạnh Tường |
| 260 | |a H. |b Văn hóa - Thông tin |c 2013 | ||
| 300 | |a 234 tr. |c 21cm | ||
| 520 | 3 | |a Cuốn sách là tập hợp những cấu trúc câu rất cần thiết cho những ai muốn nâng cấp vốn Anh ngữ của mình. Sách được chia làm 2 phần chính: Structural sentences và Tenses and aspects. | |
| 653 | |a Cơ bản | ||
| 942 | |2 ddc |c BK | ||
| 952 | |0 0 |1 0 |2 ddc |4 0 |6 425_000000000000000_T561 |7 0 |9 20235 |a 000001 |b 000001 |d 2020-08-14 |o 425 T561 |p MD.03181 |r 2020-08-14 |v 45000.00 |w 2020-08-14 |y BK | ||
| 980 | |a Thư viện Trường Đại học Nam Cần Thơ | ||